000 01100nam a22002897a 4500
999 _c13251
_d13251
005 20190529113836.0
008 080602t xxu||||| |||| 00| 0 eng d
010 _aB-263744-766 B-295963
020 _a8130406055
_c135.00
035 _aB-263744-766
035 _aB-295963
037 _aUBH dt. 7.5.08
_bUBH/ 7.5.08/29/8.4.08/19.5.08/135.00/
040 _aDPL
082 _aS / ZAK
100 _aZakir Ali ' Rajneesh'
245 _aBest of adventure stories /
_cby Zakir Ali 'Rajneesh' ; edited by Shyam Dua
260 _a Delhi
_bTiny Tot Publications
_c2008
260 _aDelhi
_bUBH (Distributors)
270 _a235, Jagriti Enclave
_bDelhi
_e110092
270 _a15, U.B. Banglow Road
_bDelhi
_e110007
300 _a144p.:
_bcol. photos
_c25 cm (Hb)
490 _a
700 _aDua, Shyam
942 _2ddc
_cCH
_hS
_mZAK